000 01388nam a2200385 i 4500
001 51785
003 KOSZ 005
005 20220111151111.0
008 060215s2006 pl a f f |001 0 pol
015 _aPB 2006/4164
020 _a8320431220
040 _aWA N
_cWA N
_dKOSZ 005/HR
046 _k2006
080 _a615.9
080 _a(075.8)
245 0 0 _aPodstawy toksykologii :
_bkompendium dla studentów szkół wyższych : praca zbiorowa /
_cpod red. Jerzego K. Piotrowskiego ; aut. Ewa Bem [et al.].
260 _aWarszawa :
_bWydawnictwa Naukowo-Techniczne,
_c2006.
300 _a491, [1] s. :
_bil. ;
_c24 cm.
336 _2rdacontent
_aTekst
_btxt
337 _2rdamedia
_aBez urządzenia pośredniczącego
_bn
338 _2rdacarrier
_aWolumin
_bnc
380 _aKsiążki
380 _aPublikacje dydaktyczne
385 _mPoziom nauczania
_aSzkoły wyższe
388 _a2001-
504 _aBibliogr. przy rozdz. Indeks.
650 4 _aToksykologia
655 4 _aPodręczniki akademickie
658 _aMedycyna i zdrowie
700 1 _aPiotrowski, Jerzy Kazimierz
_d(1926-2004).
_eRedakcja
700 1 _aBem, Ewa
_c(toksykologia)
_eAutor
710 2 _aWydawnictwa Naukowo-Techniczne
_4pbl.
856 _uhttp://koha.tu.koszalin.pl/cgi-bin/koha/opac-detail.pl?biblionumber=51785
_yKatalog online BPK
942 _2UKD
_cKS
999 _c51785
_d51785